Vindicación de los derechos de la mujer /
Obra escrita en 1792, considerada precursora del feminismo. En ella, la filósofa y escritora británica Mary Wollstonecraft argumenta que las mujeres no son por naturaleza inferiores al hombre, sino que así parece porque no se les ha dado una educación apropiada; sugiere, asimismo, que tanto hombres...
Salvato in:
| Autore principale: | |
|---|---|
| Altri autori: | , |
| Natura: | Libro |
| Lingua: | spagnolo |
| Pubblicazione: |
Madrid, España :
Cátedra,
2018, c2018
|
| Serie: | (Feminismos ; Clásicos del Feminismo)
138. |
| Soggetti: | |
| Tags: |
Nessun Tag, puoi essere il primo ad aggiungerne!!
|
MARC
| LEADER | 00000nam^a2200000^a^4500 | ||
|---|---|---|---|
| 001 | 000594278 | ||
| 005 | 20250617192731.0 | ||
| 009 | 20260310133024.207 | ||
| 020 | |a 978-84-376-3902-4 | ||
| 037 | |a Acervo ITESO - Biblioteca | ||
| 041 | |a ESP | ||
| 082 | |a 305. 42 |b CAT V. 138 | ||
| 100 | |a Wollstonecraft, Mary |e (autor) | ||
| 240 | 1 | 1 | |a [Vindicación de los derechos de la mujer] |
| 245 | 1 | 0 | |a Vindicación de los derechos de la mujer / |c M. Wollstonecraft ; ed. de I. Burdiel ; tr. de C. Martínez Gimeno. |
| 264 | 4 | |a Madrid, España : |b Cátedra, |c 2018, c2018 | |
| 300 | |a 404 p. | ||
| 336 | |a texto |b txt |2 rdacontenido | ||
| 337 | |a sin mediación |b n |2 rdamedio | ||
| 338 | |a volumen |b nc |2 rdasoporte | ||
| 440 | 1 | |a (Feminismos ; |v 138. |p Clásicos del Feminismo) | |
| 500 | |a Traducción: Vindication of the Rights of Woman | ||
| 520 | |a Obra escrita en 1792, considerada precursora del feminismo. En ella, la filósofa y escritora británica Mary Wollstonecraft argumenta que las mujeres no son por naturaleza inferiores al hombre, sino que así parece porque no se les ha dado una educación apropiada; sugiere, asimismo, que tanto hombres como mujeres deberían ser tratados como seres racionales e iguales, en un orden social basado en la razón. | ||
| 649 | |a XX | ||
| 650 | |a Mujeres - |x Condiciones Sociales y Culturales - |x Tema Principal | ||
| 650 | |a Educación y Género | ||
| 650 | |a Machismo | ||
| 650 | |a Discriminación de Género | ||
| 650 | |a Relaciones Intergénero | ||
| 650 | |a Roles de Género | ||
| 650 | |a Género | ||
| 650 | |a Igualdad y Desigualdad - |x Tema Principal | ||
| 650 | |a Feminismo - |x Tema Principal | ||
| 650 | |a Derechos Civiles | ||
| 650 | |a Sociología | ||
| 650 | |a Filosofía de la Educación | ||
| 650 | |a Filosofía Política | ||
| 650 | |a Ilustración (Filosofía) | ||
| 650 | |a Filosofía Moderna | ||
| 650 | |a Filosofía Inglesa | ||
| 700 | |a Burdiel, Isabel |e (edición) | ||
| 700 | |a Martínez Gimeno, Carmen |e (traducción) | ||
| 910 | |a Fondo General | ||
| 920 | |a Impresos - Libros | ||
| 930 | |a Colección General | ||
| 905 | |a 101 | ||
| 901 | |a 594278-10 |b IT1 |c ACC |i C189217 |u 20250521 | ||
| 902 | |a https://opac.biblio.iteso.mx/vufind/Record/000594278 | ||